La reforma de 1966 a los estudios jurídicos

Сохранить в:
Библиографические подробности
Главный автор: Mayorga Lorca, Roberto (autor)
Формат:
Язык:испанский
Опубликовано: Santiago Jurídica de Chile 1970
Предметы:
Метки: Добавить метку
Нет меток, Требуется 1-ая метка записи!

MARC

LEADER 00000nam a2200000 a 4500
001 UCV2062
003 CL-VaPUC
008 911004e19700000CL |||||||||||||||||spa|d
082 0 4 |a 378  |b MAY  |2 21 
100 |a Mayorga Lorca, Roberto  |e autor  |9 493944 
245 1 3 |a La reforma de 1966 a los estudios jurídicos 
300 |a 90 p 
942 |c BK 
945 |d 19911004 00:00:00 
260 |a Santiago  |b Jurídica de Chile  |c 1970 
600 0 |a Universidad de Chile  |9 257231 
650 7 |a DERECHO ENSEÑANZA  |2 CL-VaPUC  |9 256747 
650 0 |a Formación profesional   |9 257232 
650 7 |a GRADOS ACADEMICOS  |2 CL-VaPUC  |9 257233 
650 0 |a Reforma educacional   |9 256319 
651 7 |a CHILE  |2 CL-VaPUC  |9 296283 
583 |a last modification  |c 19911004 00:00:00  |k Rodrigo Vera 
999 |c 209750  |d 209748 
952 |0 0  |1 0  |4 0  |6 378_000000000000000_MAY_1970  |7 0  |8 P  |9 185452  |a BIBDER  |b BIBDER  |d 2019-11-14  |i 1864599  |o 378 MAY 1970  |p 1864599  |r 2019-11-14  |w 2019-11-14  |y BK  |k DER